Name The Song (UK #1 Hits Version) 2 - Statistics

General Stats
  • This quiz has been taken 34 times
  • The average score is 5 of 21
Answer Stats
Year Lyrics Song (Artist) % Correct
1998 "I can feel something inside me say. I really don't think you're strong enough" Believe (Cher)
57%
1996 "Stand up beside the fireplace. Take that look from off your face" Don't Look Back In Anger (Oasis)
57%
1981 "And even though you fool your soul. Your conscience will be mine" Stand And Deliver (Adam & The Ants)
46%
1995 "City dweller, successful fella thought to himself. Oops I've got a lot of money" Country House (Blur)
36%
1988 "I'm dreaming. You fell in love with me. Like I'm in love with you" I Should Be So Lucky (Kylie Minogue"
36%
1987 "So I look back upon my life. Forever with a sense of shame" It's A Sin (Pet Shop Boys)
36%
1989 "I hear your voice. It's like an angel sighing" Like A Prayer (Madonna)
36%
2000 "You can try to resist. Try to hide from my kiss. But you know. But you know" Can't Fight the Moonlight (LeAnn Rimes)
29%
1986 "And I was there and not dancing with anyone. You took a little, then you took me over " Chain Reaction (Diana Ross)
29%
1990 "I'm not denying. I'm frightened as much as you" Show Me Heaven (Maria McKee)
29%
1983 "Came back only yesterday. I'm moving further away" Only You (The Flying Pickets)
21%
1992 "Caught up in your wishin' well. You hopes inside it" Goodnight Girl (Wet Wet Wet)
18%
1999 "We were young we were wrong. We were fine all along.If there's somebody....." She's The One (Robbie Williams)
18%
1982 "Sounded sad upon the radio. He moved a million hearts in mono" Come On Eileen (Dexys Midnight Runners)
14%
1985 "The sound of your heart beating. Made it clear suddenly" The Power of Love (Jennifer Rush)
14%
1994 "We're a thousand miles apart. But you know I love you" Everything Changes (Take That)
11%
1980 "Some people might get some pleasure out of hate. Me, I've enough already on my plate" Going Underground (The Jam)
11%
1997 "And I hope you're thinking of me. As you lay down on your side" The Drugs Don't Work (The Verve)
4%
1991 "And yet, you try to make me forget. Who I really am" The One And Only (Chesney Hawkes)
4%
1993 "They told us tales. They told us lies. Don't they know. The shouldn't have told us at all" Young At Heart (The Bluebells)
4%
1984 "If I could find a souvenir. Just to prove the world was here" 99 Red Balloons (Nena)
0%
No matching quizzes found
Score Distribution
Percent of People with Each Score
Percentile by Number Answered
Your Score History
You have not taken this quiz